Grupos funcionales - Estadísticas

Estadísticas generales
  • Esta prueba ha sido intentada 43 veces
  • La puntuación promedio es 7 de 9
Estadísticas de respuestas
Imagen Respuesta % Correcto
alcohol
93%
eter
86%
cetona
82%
ester
82%
acido carboxilico
75%
aldehido
75%
amina
68%
nitrilo
64%
amida
61%
No se encontraron pruebas coincidentes
Distribución de puntuación
Porcentaje de gente con cada puntuación
Porcentaje por número respondido
Historial de tus puntuaciones
No has intentado esta prueba.